000 00353pab a2200145 454500
008 180718b1984 xxu||||| |||| 00| 0 eng d
100 _aHussain, Akmal
245 _aLand reforms in Pakistan
_bA reconsideration
260 _c1984
300 _a46-52
362 _aJan.-Mar.
650 _aLand Tenure - Pakistan
773 _aBulletin
909 _a12149
999 _c12149
_d12149